000 00853nam a2200253Ia 4500
003 OSt
005 20220923212936.0
006 a|||||r|||| 00| 0
007 ta
008 220922b |||||||| |||| 00| 0 hin d
024 _a157,159
037 _cTextual
040 _aARTS
_cARTS
_bhin
041 _2hin
_ahin
082 _aO152:gN, M4
100 _aकिशोर, श्याम नंदन
_9156274
245 0 _aसाहित्कार का मनोजगत
246 _aSāhitkār kā hinojagata
260 _aपटना
_b बिहार गं्रथ कुटीर प्रकाशन
_c1984
300 _a138 पृ.
_ccm.
650 _aहिन्दी साहित्य
_9156264
942 _hO152:gN, M4
_cTEXL
_2CC
999 _c312376
_d312376